Manual de instalaciones neumáticas

Uloženo v:
Podrobná bibliografie
Hlavní autor: Blanes, Octavio (Autor)
Médium: Kniha
Jazyk:španělština
Vydáno: Barcelona Ceac 1990
Vydání:2a. ed
Edice:Manuales Ceac de Mecánica
Témata:
Tagy: Přidat tag
Žádné tagy, Buďte první, kdo vytvoří štítek k tomuto záznamu!

MARC

LEADER 00000nam a2200000 a 4500
001 UCL1865
003 CL-VaPUC
008 030926e19900000SP |||||||||||||||||spa|d
020 |a 8432964034 
082 0 4 |a 621.5  |b BLA  |2 21 
100 0 |a Blanes, Octavio  |e author  |9 478755 
245 1 0 |a Manual de instalaciones neumáticas 
250 |a 2a. ed 
300 |a 140 p 
942 |c BK 
945 |d 20030926 00:00:00  |a cmena 
260 |a Barcelona  |b Ceac  |c 1990 
650 7 |a MAQUINAS NEUMATICAS  |2 CL-VaPUC  |9 271759 
650 0 |a Compresores   |9 259361 
650 7 |a MECANICA INDUSTRIAL  |2 CL-VaPUC  |9 478756 
650 7 |a INSTALACIONES NEUMATICAS  |2 CL-VaPUC  |9 478757 
583 |a last modification  |c 20030926 00:00:00  |k Rodrigo Vera 
490 0 |a Manuales Ceac de Mecánica 
999 |c 305304  |d 305302